[Event "Grand Prix Hamburg 2019"]
[Site "Hamburg"]
[Date "2019.11.09"]
[Round "2.2"]
[White "Duda, Jan-Krzysztof"]
[Black "Yu, Yangyi"]
[Result "1-0"]
[WhiteElo "2734"]
[BlackElo "2753"]
[Annotator "RC"]
[PlyCount "71"]
[EventDate "2019.11.05"]
[EventType "k.o."]
[EventCountry "GER"]
[SourceTitle "playchess.com"]
[Source "ChessBase"]
[SourceQuality "1"]
[TimeControl "40/5400+30:1800+30"]

1. c4 c6 2. Nf3 d5 3. e3 Nf6 4. Nc3 g6 5. d4 Bg7 6. Be2 O-O 7. O-O Ne4 8. Nxe4 dxe4 9. Nd2 c5 10. dxc5 f5 11. Rb1 a5 12. a3 a4 13. b4 axb3 14. Nxb3 Qxd1 15. Rxd1 Nd7 16. Kf1 h5 17. Bd2 Rxa3 18. Na5 Nxc5 19. Bb4 Ra2 20. Bxc5 Rxa5 21. Bxe7 Rf7 22. Bb4 Ra8 23. Rd8+ Kh7 24. Bd6 Rd7 25. Rxd7 Bxd7 26. g4 fxg4 27. Rxb7 Bc8 28. Re7 Kh6 29. Bf4+ g5 30. Bxg5+ Kxg5 31. Rxg7+ Kh4 32. Rg8 Kh3 33. Bxg4+ Kh4 34. Rxc8 Ra1+ 35. Kg2 hxg4 36. Re8 1-0

[Event "Grand Prix Hamburg 2019"]
[Site "Hamburg"]
[Date "2019.11.09"]
[Round "2.2"]
[White "Svidler, Peter"]
[Black "Dubov, Daniil"]
[Result "1/2-1/2"]
[WhiteElo "2729"]
[BlackElo "2699"]
[Annotator "TA"]
[PlyCount "41"]
[EventDate "2019.11.05"]
[EventType "k.o."]
[EventCountry "GER"]
[SourceTitle "playchess.com"]
[Source "ChessBase"]
[SourceQuality "1"]

{[%evp 13,41,21,34,11,7,6,24,12,9,9,17,13,7,16,30,27,9,4,6,4,8,9,9,9,17,21,35,0,0,0]} 1. e4 c5 2. Nf3 Nc6 3. Bb5 g6 4. Bxc6 bxc6 5. O-O Bg7 6. Re1 Nh6 7. c3 O-O 8. h3 {B31: Sicilian: 2...Nc6 3 Bb5 g6} f5 9. e5 Nf7 10. d4 {White has an edge.} cxd4 11. cxd4 Bb7 12. Na3 c5 13. dxc5 {[#]} Qa5 $146 ({Predecessor:} 13... Rc8 14. Be3 Bxf3 15. Qxf3 Nxe5 {½-½ (29) Wang,H (2702)-Gelfand,B (2729) Tbilisi 2017}) 14. Be3 Qb4 15. Qd4 Qxd4 16. Bxd4 Bxf3 17. gxf3 Ng5 18. Kg2 Ne6 19. Rad1 Rfc8 20. b4 Rab8 $1 {[%cal Rb8b4]} 21. Nc2 {Accuracy: White = 48%, Black = 85%.} 1/2-1/2

[Event "Grand Prix Hamburg 2019"]
[Site "Hamburg"]
[Date "2019.11.09"]
[Round "2.2"]
[White "Navara, David"]
[Black "Grischuk, Alexander"]
[Result "0-1"]
[WhiteElo "2717"]
[BlackElo "2759"]
[Annotator "TA"]
[PlyCount "72"]
[EventDate "2019.11.05"]
[EventType "k.o."]
[EventCountry "GER"]
[SourceTitle "playchess.com"]
[Source "ChessBase"]
[SourceQuality "1"]

{[%evp 11,72,18,14,10,19,19,20,8,8,4,12,9,8,22,27,9,7,7,7,0,21,14,20,5,18,23,30,0,0,-6,-13,-39,-39,-169,-177,-156,-166,-164,-170,-156,-162,-490,-502,-591,-568,-535,-560,-702,-681,-731,-725,-806,-715,-679,-655,-783,-691,-29986,-2876,-29987,-29988,-29990,-29991]} 1. d4 Nf6 2. c4 e6 3. Nf3 d5 4. Nc3 Bb4 5. Qa4+ Nc6 6. e3 O-O 7. Qc2 {D38: Queen's Gambit Declined: Ragozin Defence (4 Nf3 Bb4)} Re8 8. Bd2 Bf8 9. a3 {The position is equal.} e5 10. dxe5 Nxe5 11. cxd5 Nxf3+ 12. gxf3 Nxd5 13. Bd3 Nxc3 14. Bxc3 Qh4 $1 {[#]} 15. O-O-O $146 g6 16. Be4 {Black must now prevent Qa4.} Bg7 17. Qa4 Qe7 18. Bxg7 Kxg7 19. h4 Qc5+ 20. Kb1 Bf5 21. h5 b5 22. Qa6 (22. h6+ $15 Kf8 23. Qd4 Qxd4 24. Rxd4) 22... Rxe4 $19 ({Inferior is} 22... Bxe4+ 23. fxe4 Qb6 24. Qxb6 $11) 23. h6+ Kf8 $1 24. fxe4 Bxe4+ {[%mdl 64] Double Attack} 25. Ka1 {Hoping for Qf6!} Bxh1 26. Qf6 $2 (26. Rxh1 Qb6 27. Qxb6 axb6 28. Kb1) 26... Bc6 27. e4 {intending e5.} b4 28. axb4 Qb5 {( -> ...Qa4+)} 29. b3 {and the idea Rc1 leaves White hopeful.} a5 {[%cal Ba7a5,Ba5b4][%mdl 32]} 30. Kb2 axb4 31. Rd2 Qc5 32. Rd3 Re8 33. Qg7+ Ke7 34. Rf3 Kd8 (34... Bxe4 $142 35. Rxf7+ Kd8 36. Rd7+ Kc8 37. Rxc7+ Qxc7 38. Qxc7+ Kxc7 39. Kc1 Rf8 40. Kd2 Rf3 41. Ke2 Rxb3 42. Kf1 {[#]} Rf3 $1 {[%mdl 512]} 43. Kg2 b3 44. Kg1 b2 45. Kg2 b1=Q 46. Kh2 Qc2 $1 {[%mdl 512]} 47. Kh1 Rh3+ $1 {[%mdl 576] Double Attack, Discovered Attack (Double check)} 48. Kg1 Rh1#) 35. Rxf7 Bxe4 36. Qf6+ Kc8 {Accuracy: White = 51%, Black = 80%.} 0-1

[Event "Grand Prix Hamburg 2019"]
[Site "Hamburg"]
[Date "2019.11.10"]
[Round "2.3"]
[White "Dubov, Daniil"]
[Black "Svidler, Peter"]
[Result "1/2-1/2"]
[WhiteElo "2699"]
[BlackElo "2729"]
[Annotator "RC"]
[PlyCount "88"]
[EventDate "2019.11.05"]
[EventType "k.o."]
[EventCountry "GER"]
[SourceTitle "playchess.com"]
[Source "ChessBase"]
[SourceQuality "1"]
[TimeControl "1500+10"]

1. d4 Nf6 2. c4 g6 3. Nc3 d5 4. cxd5 Nxd5 5. e4 Nxc3 6. bxc3 Bg7 7. Bc4 c5 8. Ne2 Nc6 9. Be3 O-O 10. O-O b6 11. h4 e6 12. h5 Qh4 13. hxg6 hxg6 14. f3 cxd4 15. cxd4 Rd8 16. Qd2 Bb7 17. Rac1 Be5 18. f4 Bg7 19. Rf3 Rac8 20. Rh3 Qg4 21. Qe1 Nxd4 22. Nxd4 Bxd4 23. Bxd4 Rxd4 24. Rh4 Rxe4 25. Rxg4 Rxe1+ 26. Rxe1 Rxc4 27. Re3 Bd5 28. a3 Kg7 29. Rh4 b5 30. g3 a5 31. Rh2 Rc1+ 32. Kf2 b4 33. axb4 axb4 34. g4 g5 35. fxg5 Kg6 36. Re5 Rc2+ 37. Kg3 Rxh2 38. Kxh2 b3 39. Re2 Bc4 40. Rd2 e5 41. Kg3 e4 42. Rd4 b2 43. Rd6+ Kxg5 44. Rb6 Be2 1/2-1/2

[Event "Grand Prix Hamburg 2019"]
[Site "Hamburg"]
[Date "2019.11.10"]
[Round "2.4"]
[White "Svidler, Peter"]
[Black "Dubov, Daniil"]
[Result "1/2-1/2"]
[WhiteElo "2729"]
[BlackElo "2699"]
[Annotator "TA"]
[PlyCount "91"]
[EventDate "2019.11.05"]
[EventType "k.o."]
[EventCountry "GER"]
[SourceTitle "playchess.com"]
[Source "ChessBase"]
[SourceQuality "1"]

{[%evp 12,91,31,28,63,45,37,23,35,26,60,56,62,50,77,44,63,70,66,71,87,83,72,47,58,76,75,74,45,60,135,116,168,156,166,145,96,117,81,49,54,60,60,64,44,34,37,38,66,26,95,40,54,52,41,0,0,0,0,0,0,0,0,0,0,0,435,346,377,341,339,0,77,0,0,0,8,0,0,0,29,0]} 1. c4 e6 2. Nc3 d5 3. d4 Nf6 4. cxd5 exd5 5. Bg5 Bb4 6. e3 h6 7. Bh4 g5 {D35: Queen's Gambit Declined: Exchange Variation} 8. Bg3 Ne4 9. Qc2 (9. Rc1 h5 10. f3 Nxg3 11. hxg3 c6 12. Bd3 Be6 13. Nge2 Nd7 14. Kf2 Bd6 15. Qc2 {1-0 (55) Nepomniachtchi,I (2763)-Riazantsev,A (2649) Moscow 2018}) 9... h5 10. f3 Bxc3+ 11. bxc3 Nxg3 12. hxg3 Qd6 13. Kf2 $146 ({Predecessor:} 13. g4 h4 14. Nh3 Qe7 15. Kf2 {1-0 (29) Ghazizadeh,A (1865)-Vagoohian,R (1770) Teheran 2014}) 13... Nc6 14. Rb1 b6 15. c4 dxc4 16. Bxc4 Bd7 17. Ne2 O-O-O 18. Bxf7 h4 19. gxh4 gxh4 20. Qg6 Qf8 ({Better is} 20... Qe7 $1 $14) 21. Be6 Ne7 (21... Bxe6 $16 22. Qxe6+ {[%mdl 64] Double Attack} Kb7) 22. Bxd7+ $18 Rxd7 23. Qe4 {[%cal Re4a8]} Nd5 24. Nf4 Qa3 25. Rbc1 {Strongly threatening Rc2.} Kb8 26. Nxd5 Qxa2+ 27. Rc2 Qxd5 28. Rxh4 Rxh4 29. Qxh4 $14 {[%mdl 4096] Endgame KQR-KQR} a5 30. Qe4 Qg8 (30... Qxe4 $11 {keeps the balance.} 31. fxe4 Kb7) 31. Qc6 (31. f4 $16) 31... Rg7 32. g4 Qh8 $1 33. Kg3 Rh7 $1 34. g5 Rh3+ 35. Kf4 Qh4+ 36. Kf5 Qh7+ 37. g6 Qe7 {( -> ...Rh5+)} 38. Rg2 Qxe3 $2 {[%mdl 8192]} (38... Qf8+ $11 {and Black has nothing to worry.} 39. Kg4 Qc8+ 40. Kf4 Qf8+ 41. Kg4 Qc8+ 42. Kf4 Qf8+ 43. Kg4) 39. f4 $1 $18 {aiming for g7.} (39. g7 Rxf3+ 40. Kg6 Qd3+ 41. Kh6 Rh3+ 42. Kg5 Qh7 $19) 39... Rh4 40. Qe4 Qh3+ {[#]} 41. Kf6 $2 (41. Kg5 $1 $18) 41... Qd7 {[#]} (41... Qc8 $1 $11 {remains equal.}) 42. g7 ({White should try} 42. Re2 $1 $16 {Qe8+ is the strong threat.} Qd6+ 43. Kg5) 42... Qd6+ $11 43. Kf5 Qd7+ 44. Kf6 Qd6+ 45. Kf5 Qd7+ 46. Kf6 {Accuracy: White = 55%, Black = 65%.} 1/2-1/2

[Event "Grand Prix Hamburg 2019"]
[Site "Hamburg"]
[Date "2019.11.10"]
[Round "2.5"]
[White "Svidler, Peter"]
[Black "Dubov, Daniil"]
[Result "0-1"]
[WhiteElo "2729"]
[BlackElo "2699"]
[Annotator "TA"]
[PlyCount "80"]
[EventDate "2019.11.05"]
[EventType "k.o."]
[EventCountry "GER"]
[SourceTitle "playchess.com"]
[Source "ChessBase"]
[SourceQuality "1"]

{[%evp 10,80,10,-11,-9,-19,13,-37,-15,-12,-18,-25,-28,-20,-29,-21,33,9,34,-24,-29,-30,-11,-14,-33,-83,-66,-83,-85,-169,-167,-189,-164,-208,-206,-221,-214,-251,-239,-240,-240,-249,-248,-237,-252,-243,-249,-240,-238,-257,-268,-267,-276,-356,-349,-348,-338,-310,-262,-283,-268,-273,-276,-269,-268,-268,-268,-268,-258,-424,-291,-501,-468]} 1. Nf3 d5 2. g3 g6 3. Bg2 Bg7 4. d4 Nf6 5. O-O O-O 6. Be3 Nc6 {D02: 1 d4 d5 2 Nf3 sidelines, including 2...Nf6 3 g3 and 2...Nf6 3 Bf4} (6... Nbd7 7. h3 b6 8. c4 Bb7 9. Na3 e6 {½-½ (9) Epishin,V (2568)-Chigaev,M (2634) Metz 2019}) 7. h3 Re8 8. Bf4 $146 ({Predecessor:} 8. c3 Bf5 9. Nbd2 e5 10. dxe5 Nxe5 11. Nxe5 Rxe5 12. Bd4 Re8 13. g4 Bd7 14. e3 h5 15. g5 Ne4 16. Nxe4 dxe4 17. Bxg7 Kxg7 18. Qd4+ {½-½ (18) Daneshvar,B (2398)-Chakravarthi,R (2380) Novi Sad 2018}) 8... Nh5 {Black is slightly better.} 9. Bg5 h6 10. Bc1 Nf6 11. Nbd2 e5 $36 {[%mdl 2048] Black is more active.} 12. dxe5 Ne4 (12... Nxe5 $11 13. Nxe5 Rxe5) 13. c4 $14 Nxd2 14. Qxd2 ({White should play} 14. Nxd2 $14 dxc4 15. Nxc4) 14... dxc4 $11 15. Qc3 Be6 16. Be3 Qe7 17. Rfd1 Rad8 18. Rac1 b5 19. a3 (19. h4 $17) 19... Bd5 $19 20. Qc2 a6 21. Bf4 Bxf3 (21... Nxe5 22. Nxe5 Bxg2 23. Rxd8 $17) 22. Bxf3 {[#]} Nd4 $1 {[%cal Rd4c2]} ({Don't take} 22... Nxe5 23. Bg2 $17) 23. Qe4 Bxe5 24. Bxe5 Qxe5 25. Qxe5 Nxf3+ ({Resist} 25... Rxe5 26. Kg2 $17) 26. exf3 Rxd1+ (26... Rxe5 $2 {perishes.} 27. Rxd8+ Kg7 28. Rd7 $18) 27. Rxd1 Rxe5 {[%mdl 4096] Endgame KR-KR} 28. Kf1 Kg7 29. Rd8 a5 30. f4 Rc5 31. Ke2 c3 32. bxc3 Rxc3 33. a4 bxa4 34. Rd4 a3 {[%cal Ba4a3,Ba3a2][%mdl 32]} 35. Ra4 Rc2+ 36. Ke3 a2 37. Rxa5 Kf6 38. g4 Ke6 39. h4 $2 {[#]} (39. f3) 39... Kd6 40. f5 $2 (40. f3) 40... gxf5 {Accuracy: White = 35%, Black = 71%.} 0-1

[Event "Grand Prix Hamburg 2019"]
[Site "Hamburg"]
[Date "2019.11.10"]
[Round "2.6"]
[White "Dubov, Daniil"]
[Black "Svidler, Peter"]
[Result "1/2-1/2"]
[WhiteElo "2699"]
[BlackElo "2729"]
[Annotator "TA"]
[PlyCount "35"]
[EventDate "2019.11.05"]
[EventType "k.o."]
[EventCountry "GER"]
[SourceTitle "playchess.com"]
[Source "ChessBase"]
[SourceQuality "1"]

{[%evp 13,35,41,33,31,34,0,0,0,0,-4,89,97,103,54,59,51,49,56,165,179,163,157,660,653]} 1. d4 f5 2. g3 Nf6 3. Bg2 g6 4. Nd2 Bg7 5. e4 fxe4 6. Nxe4 Nxe4 7. Bxe4 d5 8. Bg2 {A81: Dutch Defence: 2 g3} Nc6 9. c3 (9. Ne2 Bg4 10. f3 Bf5 11. O-O Qd6 12. c3 e5 13. Be3 O-O-O 14. Qd2 h5 15. Rae1 h4 {0-1 (26) Girya,O (2489)-Vidit,S (2718) Wijk aan Zee 2018}) 9... e5 10. dxe5 {The position is equal.} Nxe5 11. Nf3 Nc4 $146 (11... Bg4 $11 12. h3 Bxf3 13. Bxf3 c6) ({Predecessor:} 11... Bg4 12. h3 Bxf3 13. Bxf3 Nxf3+ 14. Qxf3 {1-0 (57) Mohr,G (2523)-Zelic,M (2272) Medulin 2002}) 12. O-O O-O 13. b3 {[#] Black must now prevent Bg5.} Nb6 14. Bg5 Qd6 15. Re1 $36 {[%mdl 2048] aiming for Be7. White has the initiative.} Bxc3 (15... Bg4 $14) 16. Be7 $18 {[%mdl 64] Double Attack} Qd7 17. Bxf8 Bxe1 $2 {[#]} (17... Kxf8 $16 18. Re3 Bf6) 18. Qd4 $1 {[%mdl 32768] Accuracy: White = 81%, Black = 39%. . An unexpected result.} 1/2-1/2

[Event "Grand Prix Hamburg 2019"]
[Site "Hamburg"]
[Date "2019.11.11"]
[Round "3.1"]
[White "Vachier-Lagrave, Maxime"]
[Black "Grischuk, Alexander"]
[Result "1/2-1/2"]
[WhiteElo "2774"]
[BlackElo "2759"]
[Annotator "TA"]
[PlyCount "53"]
[EventDate "2019.11.05"]
[EventType "k.o."]
[EventCountry "GER"]
[SourceTitle "playchess.com"]
[Source "ChessBase"]
[SourceQuality "1"]

{[%evp 23,53,24,30,-16,0,0,0,-5,0,0,4,11,8,12,10,9,16,10,6,10,16,-1,11,-19,20,-12,0,0,6,-13,0,0]} 1. e4 e5 2. Nf3 Nc6 3. Bb5 a6 4. Ba4 Nf6 5. O-O b5 6. Bb3 Bc5 7. c3 d6 8. a4 Rb8 9. d4 Bb6 10. axb5 axb5 11. Na3 O-O 12. Nxb5 Bg4 13. Be3 {C78: Ruy Lopez: Archangelsk and Möller Defences} (13. Bc2 exd4 14. Nbxd4 Nxd4 15. cxd4 Bxf3 16. gxf3 Nh5 17. f4 Qh4 18. Ra3 d5 19. exd5 f5 20. Qf3 Rbd8 21. Rc3 {1-0 (60) Harikrishna,P (2733)-Erdos,V (2624) Antalya 2017}) 13... exd4 {The position is equal.} 14. cxd4 Nxe4 15. h3 Bf5 16. Nc3 {[#]} h6 $146 ({Predecessor:} 16... Nf6 17. Re1 h6 18. d5 Nb4 19. Bxb6 Rxb6 20. Nd4 Bg6 {½-½ (38) Saulin,D (2375)-Lastin,A (2535) Moscow 1998}) 17. Bd5 Nxc3 18. bxc3 Ne7 19. Bb3 c5 20. Re1 cxd4 21. Nxd4 Bg6 22. Bf4 Bc5 23. Ba4 {[#] Nb3 is the strong threat.} Rb2 24. Qf3 Bxd4 25. cxd4 Nf5 26. Be3 Nxe3 27. Qxe3 {Accuracy: White = 44%, Black = 26%.} 1/2-1/2

[Event "Grand Prix Hamburg 2019"]
[Site "Hamburg"]
[Date "2019.11.11"]
[Round "3.1"]
[White "Duda, Jan-Krzysztof"]
[Black "Dubov, Daniil"]
[Result "1/2-1/2"]
[WhiteElo "2734"]
[BlackElo "2699"]
[Annotator "TA"]
[PlyCount "57"]
[EventDate "2019.11.05"]
[EventType "k.o."]
[EventCountry "GER"]
[SourceTitle "playchess.com"]
[Source "ChessBase"]
[SourceQuality "1"]

{[%evp 23,57,22,25,0,0,0,0,0,0,0,0,-4,0,0,0,0,0,0,0,0,0,0,0,0,0,0,0,0,0,0,0,0,0,0,0,0]} 1. c4 Nf6 2. Nc3 c5 3. Nf3 e6 4. g3 d5 5. cxd5 exd5 6. d4 Nc6 7. Bg2 cxd4 8. Nxd4 Bc5 9. Nxc6 bxc6 10. O-O O-O 11. Bg5 h6 12. Bxf6 Qxf6 13. Rc1 {E01: Catalan: Early deviations} Bb6 {The position is equal.} 14. e3 Ba6 15. Re1 Rad8 $146 ({Predecessor:} 15... Rac8 16. Qa4 Bd3 17. Red1 Bg6 18. Rd2 Rfe8 19. Rcd1 Bh5 20. Rc1 Rcd8 {½-½ (20) Sinnett,G (1939)-James,D (2024) Neath 2003}) 16. Qc2 d4 17. Ne4 Qf5 {[#] Strongly threatening ...dxe3.} 18. exd4 Rxd4 19. Nc5 $1 Qxc2 20. Rxc2 Bc4 21. Nb3 Bxb3 22. axb3 Rb4 23. Bxc6 Rxb3 24. Bd5 Rd3 25. Bc4 Rd7 26. Rce2 Rfd8 27. Re8+ Rxe8 28. Rxe8+ Kh7 29. b3 {Accuracy: White = 81%, Black = 90%.} 1/2-1/2

[Event "Grand Prix Hamburg 2019"]
[Site "Hamburg"]
[Date "2019.11.12"]
[Round "3.2"]
[White "Grischuk, Alexander"]
[Black "Vachier-Lagrave, Maxime"]
[Result "1-0"]
[WhiteElo "2764"]
[BlackElo "2777"]
[Annotator "TA"]
[PlyCount "125"]
[EventDate "2019.11.03"]
[EventType "k.o."]
[EventCountry "GER"]
[SourceTitle "playchess.com"]
[Source "ChessBase"]
[SourceQuality "1"]

{[%evp 9,125,18,26,8,10,9,20,12,0,0,0,0,0,0,0,5,28,0,23,31,10,0,12,12,27,0,75,81,59,35,33,25,30,37,81,79,68,76,75,69,158,130,141,23,39,25,19,16,18,18,18,18,37,42,44,52,67,38,85,74,141,107,106,72,102,90,90,90,90,67,93,75,106,120,102,107,142,138,149,159,167,159,104,47,114,104,420,431,417,392,408,409,339,388,367,316,291,0,353,0,225,189,481,311,468,468,306,429,468,468,436,354,5281,1323,12835,12834,12820,1997]} 1. Nf3 Nf6 2. c4 c5 3. Nc3 d5 4. cxd5 Nxd5 5. e3 e6 6. Bc4 {A17: English Opening: 1...Nf6 with ...Bb4} Be7 7. O-O O-O 8. Qe2 {The position is equal.} Nc6 9. Rd1 b6 $146 ({Predecessor:} 9... Nb6 10. Bb5 Bd7 11. d4 cxd4 12. exd4 Nb4 13. Bxd7 Qxd7 {½-½ (42) Eljanov,P (2755)-Harikrishna,P (2766) Wijk aan Zee 2017}) 10. d4 {With the idea Nxd5.} Nxc3 11. bxc3 Qc7 12. e4 Rd8 13. Be3 (13. d5 $5 {[%cal Rd5c6]} Na5 14. Bd3 $11) 13... Na5 14. Bd3 Bb7 15. h4 b5 (15... Rac8 {looks sharper.} 16. Rac1 h6 17. Bb1 Kf8 18. Bd3 Kg8) 16. Bxb5 Bxe4 17. dxc5 (17. Ng5 $5 {[%cal Rg5e4]} a6 18. Bxa6 $11 (18. Nxe4 axb5 19. Qxb5 cxd4 $11)) 17... Bxf3 (17... Bd5 $11 {keeps the balance.}) 18. Qxf3 $16 Bxc5 19. Bf4 Qb7 20. Qe2 Qe7 21. h5 Bd6 22. Bxd6 Rxd6 23. Rxd6 Qxd6 24. Rd1 Qc5 (24... Qb6 $1 $14) 25. Rd7 {Black must now prevent Qe4.} Qxc3 26. Qd1 ({White should try} 26. Qe4 $1 $16 {[%cal Re4a8]} Rc8 27. Qf4) 26... h6 27. g3 Rf8 28. Rxa7 Nc6 29. Rd7 Ne5 30. Rd8 Qc7 31. Rxf8+ Kxf8 32. a4 {Hoping for a5!} Ke7 33. Be2 Qc3 34. Qb1 $1 Nc6 (34... Kf6 $142) 35. Qb7+ $1 Kf6 36. Bf1 Na5 37. Qd7 {Threatens to win with Qd8+.} g5 38. hxg6 $1 Kxg6 39. Kg2 Kg7 40. Bb5 Qe5 41. Qd3 Qc5 42. Qf3 Qd4 43. Be8 Qd5 44. Qxd5 exd5 {[%mdl 4096] Endgame KB-KN} 45. Kf3 Kf6 {[#]} 46. Kg4 $1 Ke7 ({Black should play} 46... Ke6 $14) 47. Bb5 Kf6 $2 {[%mdl 8192]} (47... Kd6 $16 {is a better chance.}) 48. Kh5 $18 Kg7 49. Bf1 Nb3 50. Bg2 d4 51. Bf1 Nd2 52. Bd3 {And now a5 would win.} Nb3 53. Bf1 Nd2 $1 {[%cal Rd2f1]} 54. Bd3 {Strongly threatening a5.} Nb3 $1 55. Bb5 f6 $2 (55... Kf8 56. Kxh6 Ke7) 56. Bf1 Na5 57. Ba6 Nb3 58. Bb5 Na5 59. Kg4 Nb7 60. Kf4 Nc5 $2 (60... Nd6 61. Bc6 Nc4) 61. a5 {White is clearly winning.} d3 62. Ke3 d2 {[#]} 63. Be2 $1 {Accuracy: White = 75%, Black = 38%.} 1-0

[Event "Grand Prix Hamburg 2019"]
[Site "Hamburg"]
[Date "2019.11.12"]
[Round "3.2"]
[White "Dubov, Daniil"]
[Black "Duda, Jan-Krzysztof"]
[Result "1/2-1/2"]
[WhiteElo "2676"]
[BlackElo "2748"]
[Annotator "TA"]
[PlyCount "65"]
[EventDate "2019.11.03"]
[EventType "k.o."]
[EventCountry "GER"]
[SourceTitle "playchess.com"]
[Source "ChessBase"]
[SourceQuality "1"]

{[%evp 13,65,13,9,10,36,0,0,0,6,0,24,8,20,8,39,0,7,6,6,9,10,4,0,3,4,6,12,14,14,0,0,0,16,10,17,28,27,25,20,31,39,0,0,0,8,8,27,0,0,0,0,0,0,0]} 1. d4 d5 2. c4 c6 3. Nf3 Nf6 4. Qb3 dxc4 5. Qxc4 Bf5 6. g3 e6 7. Bg2 Be7 8. O-O {D23: Queen's Gambit Accepted: 3 Nf3 Nf6 sidelines} O-O 9. Qb3 (9. Nc3 Nbd7 10. Re1 Rc8 11. e4 Bg4 12. Qb3 b5 13. h3 Bxf3 14. Bxf3 e5 15. dxe5 Nxe5 16. Bg2 Bc5 17. Rd1 Qe7 {½-½ (42) Mamedyarov,S (2820)-Borisek,J (2578) Batumi 2018}) 9... Qb6 10. Nbd2 Nbd7 11. Nc4 Qxb3 12. axb3 Be4 13. Bf4 c5 $146 ({Predecessor:} 13... Rfc8 14. Nd6 Bxd6 15. Bxd6 c5 {½-½ (49) Pert,N (2475)-Haznedaroglu,K (2345) Patras 2001}) 14. Rfc1 Rfc8 15. Nd6 Bxd6 $1 16. Bxd6 {[%cal Rd4c5]} cxd4 17. Nxd4 Bxg2 18. Kxg2 a6 19. f3 Ne8 20. Bb4 g6 21. e4 (21. Rd1 {keeps more tension.} Nef6 22. Rd2 Nc5 23. e4 e5 24. Bxc5 Rxc5 25. Nc2) 21... e5 22. Ne2 Rxc1 23. Rxc1 f6 24. Rd1 Nf8 25. f4 exf4 26. Nxf4 Rc8 27. Kh3 g5 28. Nh5 Ne6 29. Rf1 Nc5 30. Nxf6+ Nxf6 {The position is equal.} 31. Rxf6 Nxe4 32. Re6 Nf2+ 33. Kg2 {Accuracy: White = 60%, Black = 48%.} 1/2-1/2

[Event "Grand Prix Hamburg 2019"]
[Site "Hamburg"]
[Date "2019.11.13"]
[Round "3.3"]
[White "Duda, Jan-Krzysztof"]
[Black "Dubov, Daniil"]
[Result "0-1"]
[WhiteElo "2734"]
[BlackElo "2699"]
[Annotator "TA"]
[PlyCount "108"]
[EventDate "2019.11.05"]
[EventType "k.o."]
[EventCountry "GER"]
[SourceTitle "playchess.com"]
[Source "ChessBase"]
[SourceQuality "1"]

{[%evp 14,108,23,24,43,22,37,20,26,0,0,0,0,-11,-12,-25,0,0,0,0,0,-16,-19,-13,-16,-23,0,0,0,0,0,0,0,0,0,0,49,0,0,0,0,0,0,0,0,0,0,0,0,0,0,-32,0,0,0,-188,-183,-184,-96,-187,-182,-152,0,-112,-112,-189,-164,-151,-152,-464,-402,-618,-606,-619,-623,-641,-637,-556,-588,-12837,-12838,-12838,-12839,-12839,-12839,-12843,-12843,-12843,-12844,-12844,-12843,-12844,-12844,-12845,-12844,-12845,-12845]} 1. e4 c5 2. Nf3 Nc6 3. d4 cxd4 4. Nxd4 e5 5. Nb5 d6 6. N1c3 a6 7. Na3 Be6 8. Nc4 Rb8 {B32: Sicilian: Löwenthal and Kalashnikov Variations} 9. a4 Nf6 10. Bg5 Nb4 {The position is equal.} (10... h6 11. Bxf6 Qxf6 12. Nd5 Bxd5 13. exd5 Na7 14. Be2 Be7 15. O-O Bd8 16. Qd2 O-O {½-½ (48) Brkic,A (2563)-Mamedov,R (2703) Skopje 2018}) 11. a5 (11. Nd5 {is interesting.} Nbxd5 12. exd5 Bf5 13. Bd3 Bxd3 14. Bxf6 Qxf6 15. cxd3 Qg6 16. O-O) 11... d5 12. exd5 Nbxd5 13. Nxd5 Qxd5 14. Bxf6 gxf6 15. Qxd5 Bxd5 16. O-O-O $146 ({Predecessor:} 16. Ne3) 16... Bc6 17. Nd6+ (17. Ne3 {looks sharper.} Bc5 18. Rg1 Ke7 19. Nf5+ Kf8 20. Ne3) 17... Bxd6 18. Rxd6 Ke7 19. Rd3 Rbd8 20. Rg1 f5 21. g3 Kf6 22. Be2 Rxd3 23. Bxd3 $11 {[%mdl 4096] Endgame KRB-KRB} e4 24. Bc4 Ke5 25. Bxf7 Rf8 $1 {[%cal Rf8f7]} 26. Bc4 f4 27. Rf1 Rf6 28. b3 Rh6 29. h4 fxg3 30. fxg3 Rg6 31. Rg1 e3 32. g4 Bf3 {[%mdl 1024] Black has compensation.} 33. g5 Kf4 34. Bd3 $2 (34. Rf1 $11 {and White has nothing to worry.} Kg3 35. Re1) 34... Rg7 $1 $19 35. b4 Rd7 (35... Bh5 $1 $19 36. Bc4 Rd7) 36. Re1 (36. g6 $17 {was called for.} hxg6 37. Rxg6) 36... Re7 $1 37. Rg1 Rd7 38. Re1 $1 Bh5 39. b5 (39. Rf1+ $17 Kg3 40. Rg1+ Kf2 41. Rf1+ Kg3 42. Rg1+ Kf3 43. Re1) 39... axb5 40. Bxb5 Rd5 41. Rf1+ $2 {[#]} (41. Bd3 $17 {nothing else works.}) 41... Kg3 $1 42. Bd3 (42. Rg1+ $142 Kxh4 43. Bd3) 42... Rxa5 {Black is clearly winning.} 43. Rf6 {If only White now had time for Re6....} Re5 44. Rb6 Re7 45. Rh6 {[#]} Bg6 $1 {[%mdl 512] Hoping for ...Bxd3.} 46. Kd1 {[#]} (46. Bxg6 e2) 46... Kf2 $1 47. h5 {[#]} Rd7 $1 {[%mdl 512]} 48. Kc1 Rxd3 49. cxd3 e2 50. hxg6 e1=Q+ {KQ-KR} 51. Kc2 Qe2+ 52. Kc3 Qe5+ 53. d4 Qc7+ 54. Kd2 hxg6 {Accuracy: White = 47%, Black = 65%.} 0-1